000 00351nam a22001337a 4500
020 _qPB.
040 _cFIZZA ISHAQ
082 _a624.1821
_bPET
100 _aLINZ,PETER.
_918054
245 _aAN INTRODUCTION TO FORMAL LANGUAGES AND AUTOMATA /
_cPETER LINZ.
260 _aJONES & BARTLETT LEARNING ;
_c2012.
300 _a2012 P. ;
942 _2ddc
_cBK
999 _c589401
_d589401